| 000 | 00687nam a2200253Ia 4500 | ||
|---|---|---|---|
| 003 | OSt | ||
| 005 | 20221005130122.0 | ||
| 006 | a|||||r|||| 00| 0 | ||
| 007 | ta | ||
| 008 | 221004b |||||||| |||| 00| 0 eng d | ||
| 024 | _a67627 | ||
| 037 | _cTextual | ||
| 040 |
_aCRL _cCRL _beng |
||
| 041 |
_2eng _aeng |
||
| 082 | _aX9D65.2.N6, K5 | ||
| 110 |
_aNational Productivity Council New Delhi _9306144 |
||
| 245 | 0 | _aRadio and electronics at home and abroad | |
| 260 | _c1965 | ||
| 490 | _aIts report; 43 | ||
| 650 | _aECONOMICS | ||
| 700 |
_aNational Productivity Council New Delhi _9306145 |
||
| 942 |
_hX9D65.2.N6, K5 _cTEXL _2cc |
||
| 999 |
_c1056160 _d1056160 |
||